ბათუმის შოთა რუსთაველის სახელმწიფო უნივერსიტეტის ბიბლიოთეკა

თავისუფლების ერთი ყლუპი (ბიბ.ჩანაწერი № 50246)

000 -LEADER
fixed length control field 00900nam a2200229Ia 4500
001 - CONTROL NUMBER
control field 17184
003 - CONTROL NUMBER IDENTIFIER
control field GE_BSU
008 - FIXED-LENGTH DATA ELEMENTS--GENERAL INFORMATION
fixed length control field 181216s||||||||xx |||||||||||||| ||und||
040 ## - CATALOGING SOURCE
Transcribing agency GE_BSU
080 ## - UNIVERSAL DECIMAL CLASSIFICATION NUMBER
Universal Decimal Classification number 821.161.1-31
100 ## - MAIN ENTRY--PERSONAL NAME
Personal name ოკუჯავა, ბულატ
245 ## - TITLE STATEMENT
Title თავისუფლების ერთი ყლუპი
245 ## - TITLE STATEMENT
Remainder of title რომანი
245 ## - TITLE STATEMENT
Statement of responsibility, etc. საქ. მწერ. კავშ. არსებ. მხატვრ. თარგმანისა და ლიტ. ურთიერთ. მთ. სარედ. კოლ. ; თარგმნ.: მ. გელაშვილისა
260 ## - PUBLICATION, DISTRIBUTION, ETC.
Place of publication, distribution, etc. თბილისი
260 ## - PUBLICATION, DISTRIBUTION, ETC.
Name of publisher, distributor, etc. მერანი
260 ## - PUBLICATION, DISTRIBUTION, ETC.
Date of publication, distribution, etc. 1984
300 ## - PHYSICAL DESCRIPTION
Extent 308გვ. ; 20სმ.
653 ## - INDEX TERM--UNCONTROLLED
Uncontrolled term თავისუფლების ერთი ყლუპი
653 ## - INDEX TERM--UNCONTROLLED
Uncontrolled term რომანი
942 ## - ADDED ENTRY ELEMENTS (KOHA)
Koha item type წიგნი
ეგზემპლარები
Withdrawn status Lost status Damaged status Not for loan Date acquired Barcode Date last seen Price effective from Koha item type
        2018-12-17 21450 2018-12-17 2018-12-17 წიგნი